Chansons de Zazie - Statistiques

Statistiques générales
  • Ce quiz a été pris 36 fois
  • Le résultat moyen est 43 sur 139
Statistiques - réponses
Album Titre % Correct
Totem 2 Je suis un homme
96%
Rodéo 8 Rodéo
92%
Zen 6 Zen
92%
Cyclo 5 Cyclo
85%
Je, tu, ils 7 Je, tu, ils
81%
Encore heureux 1 Encore heureux
77%
Zen 11 J'envoie valser
77%
La Zizanie 1 Rue de la Paix
73%
Totem 9 Totem
73%
Zen 3 Larsen
69%
La Zizanie 7 La Zizanie
69%
Made in Love 4 Made in love
69%
Essenciel 1 Speed
69%
Cyclo 6 Tout
69%
Je, tu, ils 1 Sucré salé
65%
Made in Love 7 | 13 Tout le monde
65%
Zen 4 Un point c'est toi
62%
La Zizanie 4 Adam et Yves
58%
Made in Love 12 Chanson d’ami
58%
AIR 5 Couleur
54%
Totem 5 Ça
50%
Zen 2 Homme sweet homme
50%
AIR 4 Let It Shine
50%
Totem 1 Des rails
46%
La Zizanie 6 Sur toi
46%
AIR 2 Gravité
42%
Totem 11 J'étais là
42%
Essenciel 11 L'Essenciel
42%
Rodéo 7 Lola majeure
42%
Rodéo 12 Oui
42%
Encore heureux 6 Pise
42%
Encore heureux 11 Adieu tristesse
38%
AIR 1 Ça commence
38%
Za7ie 11 Chanson d'amour
38%
AIR 3 Gilles
38%
Cyclo 4 Mademoiselle
38%
Essenciel 5 Nos âmes sont
38%
La Zizanie 2 On éteint
38%
Za7ie 4 Tout va bien
38%
Cyclo 9 20 ans
35%
Totem 7 Na
35%
La Zizanie 13 Si j'étais moi
35%
Encore heureux 7 Tais-toi
35%
AIR 12 Time to go
35%
Made in Love 1 Tous des anges
35%
Essenciel 2 Waterloo
35%
Zen 7 Craque monsieur
31%
Encore heureux 9 Discold
31%
Made in Love 3 Femmes tefales
31%
Totem 8 Flower Power
31%
Zen 1 Fou de toi
31%
Zen 13 Homme sweet homme remix
31%
Encore heureux 3 Oui-filles
31%
Rodéo 4 Toc toc toc
31%
Totem 10 07 dec.
27%
Zen 8 Au diable nos adieux
27%
La Zizanie 5 Aux armes citoyennes
27%
AIR 7 C'est con, c'est quand
27%
AIR 9 Comment on fait ?
27%
Made in Love 5 Cyber
27%
La Zizanie 3 Danse avec les loops
27%
Totem 6 Duo
27%
Rodéo 3 Excuse-moi
27%
Rodéo 13 J'arrive
27%
Cyclo 3 Je ne sais pas
27%
Zen 5 Je t'aime mais
27%
Made in Love 6 La Preuve par trois
27%
Cyclo 1 Les contraires
27%
Za7ie 1 Les Pieds nus
27%
AIR 6 Lève-toi
27%
Essenciel 8 Patatras
27%
Essenciel 4 Va chercher
27%
Essenciel 10 Veilleurs amis
27%
Made in Love 2 Ça fait mal et ça fait rien
23%
La Zizanie 8 Cheese
23%
La Zizanie 10 Dans la lune
23%
Essenciel 3 Dire ce qu'on danse
23%
AIR 11 Est-ce que tout va bien ?
23%
Essenciel 9 Garde la pose
23%
Encore heureux 2 I Love You All
23%
Rodéo 1 La dolce vita
23%
La Zizanie 12 La Fan de sa vie
23%
Za7ie 7 L'Amour dollar
23%
Essenciel 12 La Source
23%
Essenciel 6 Ma story
23%
Cyclo 2 Mobile homme
23%
Cyclo 11 Où allons-nous ?
23%
Encore heureux 8 Petroleum
23%
La Zizanie 11 Qui m'aime me fuit
23%
Zen 10 Une souris verte
23%
Cyclo 10 Vienne la nuit
23%
Totem 13 Vue du ciel
23%
Za7ie 6 Être et avoir
19%
Zen 9 Hissée haut
19%
Totem 4 Jet lag
19%
AIR 8 Là où je vais
19%
Rodéo 5 La pluie et le beau temps
19%
Essenciel 7 On s'aima fort
19%
AIR 10 Penser à dire
19%
Za7ie 3 Polygame
19%
Rodéo 11 Sauver le monde
19%
Rodéo 9 Slow
19%
Made in Love 11 Stop
19%
La Zizanie 9 Tais-toi et rap
19%
Cyclo 8 Temps plus vieux
19%
Za7ie 10 Amazone
15%
Za7ie 2 Avant l'amour
15%
Je, tu, ils 8 D’jamba
15%
Rodéo 10 Doolididom
15%
Encore heureux 5 Faut pas s’y fier
15%
Za7ie 5 Je te tiens
15%
Totem 3 L'Ange blessé
15%
Made in Love 9 La vie devant moi
15%
Za7ie 8 Le Jour J
15%
Je, tu, ils 13 Snowball
15%
Made in Love 10 Sous le voile
15%
Je, tu, ils 6 Toi le cowboy, moi l’indien
15%
Je, tu, ils 10 Un petit peu amoureux
15%
Totem 12 Yin yang
15%
Rodéo 2 J'aime, j'aime pas
12%
Zen 12 La la la
12%
Za7ie 13 La place du vide
12%
Je, tu, ils 3 Parmi les sirènes
12%
Encore heureux 10 Sait-on jamais
12%
Cyclo 7 Si tu viens
12%
Je, tu, ils 12 1, 2, 3 soleil
8%
Made in Love 8 Autant de peine que de toi
8%
Je, tu, ils 9 Avis au sexe fort
8%
Za7ie 12 Je vous aime
8%
Je, tu, ils 4 Je tourne
4%
Rodéo 6 Mon cœur à la science
4%
Je, tu, ils 11 On y va (Let’s Go)
4%
Za7ie 9 Pas que beau
4%
Je, tu, ils 2 Tomber le masque
4%
Encore heureux 4 Perchées
0%
Je, tu, ils 5 Pile ou Face
0%
Encore heureux 12 Tic Tac
0%
Za7ie 14 Tindfjöll
0%
Aucun quiz correspondant
Distribution des résultats
% des personnes avec chaque résultat
Percentile par nombre de réponses
Votre historique - résultats
Vous n’avez pas pris ce quiz